| 000 | 00924nam a2200229 i 4500 | ||
|---|---|---|---|
| 001 | 35135 | ||
| 003 | ES-MaACL | ||
| 005 | 20250830213314.0 | ||
| 007 | t| | ||
| 008 | 030212s1978 sp ||||1| spa d | ||
| 100 | 1 |
_aBordejé y Morencos, Fernando de, _d1925-2017 _930394 |
|
| 245 | 1 | 0 |
_aVicisitudes de una política naval _b: antecedentes : desarrollo de la Armada entre 1898 y 1936 / _cFernando de Bordejé y Morencos. |
| 260 |
_aMadrid : _bSan Martín, _c[1978] |
||
| 300 |
_a703 p., 8 lám. ; _c21 cm. |
||
| 504 | _aBibliografía: p. 698-703. | ||
| 594 | _aPrecede al tít.: Servicio Histórico del Estado Mayor de la Armada. La Marina en la guerra de España (1936-1939) | ||
| 650 | 4 |
_aMarina de guerra- _zEspaña- _yS.XX. _914788 |
|
| 651 | 4 |
_aEspaña- _xHistoria militar- _y1936-1939. _98373 |
|
| 710 | 1 |
_aEspaña. _bArmada. _bEstado Mayor _96582 |
|
| 852 |
_aES-MaACL _jA-9537 |
||
| 999 |
_c35135 _d35135 |
||